000 00565cam a22002053a 4500
001 36979
003 PGUSA
005 20140828083819.0
008 110805s2011||||xxu|||||s|||||000 | eng d
040 _aPGUSA
_beng
042 _adc
100 1 _aGalton, Francis,
_d1822-1911
245 1 0 _aFinger Prints
_h[electronic resource] /
_cFrancis Galton
260 _bProject Gutenberg,
_c2011
506 _aPublic domain in the USA.
516 _aElectronic text
830 0 _aProject Gutenberg
_v36979
856 4 0 _uhttp://www.gutenberg.org/ebooks/36979
942 _cEB
999 _c266234
_d266234